[Event "Wch U20 61st"]
[Site "Gandhinagar"]
[Date "2024.06.11"]
[Round "9"]
[White "Insara, SD Nadev"]
[Black "Alhejab, Meshal"]
[Result "1-0"]
[WhiteElo "1874"]
[BlackElo "1837"]
[PlyCount "53"]
[EventDate "2024.06.02"]
[EventType "swiss"]
[EventRounds "11"]
[EventCountry "IND"]
[SourceTitle "CBM 220 Extra"]
[Source "ChessBase"]
[SourceDate "2024.07.31"]
[SourceVersion "1"]
[SourceVersionDate "2024.07.31"]
[SourceQuality "1"]

1. c4 e5 2. Nc3 Nf6 3. Nf3 Nc6 4. e3 Bb4 5. Qc2 0-0 6. Nd5 a5 7. a3 Bc5 8. b3 d6 9. Bb2 Re8 10. Be2 Ba7 11. Ng5 g6 12. h4 Nxd5 13. cxd5 Ne7 14. h5 Nxd5 15. hxg6 hxg6 16. Nxf7 Qf6 17. Nh6+ Kg7 18. Bf3 c6 19. 0-0-0 Be6 20. d4 exd4 21. Rxd4 Rh8 22. Rxd5 cxd5 23. Bxf6+ Kf8 24. Qb2 d4 25. exd4 Rc8+ 26. Kd2 d5 27. g4 1-0

[Event "Colombo Katubedda op"]
[Site "Colombo"]
[Date "2023.06.30"]
[Round "4"]
[White "Pitigala, Chandra Sudarman S"]
[Black "Insara, SD Nadev"]
[Result "0-1"]
[WhiteElo "1917"]
[BlackElo "1527"]
[PlyCount "76"]
[EventDate "2023.06.29"]
[EventType "swiss"]
[EventRounds "9"]
[EventCountry "SRI"]
[SourceTitle "EXT 2024"]
[Source "ChessBase"]
[SourceDate "2023.10.10"]
[SourceVersion "1"]
[SourceVersionDate "2023.10.10"]
[SourceQuality "1"]

1. e4 c5 2. Nf3 Nc6 3. d4 cxd4 4. Nxd4 Nf6 5. Nc3 e6 6. Nxc6 bxc6 7. Bd3 Bb4 8. Bd2 d5 9. exd5 cxd5 10. 0-0 0-0 11. Re1 Re8 12. a3 Bf8 13. Bg5 h6 14. Bxf6 gxf6 15. Qh5 d4 16. Ne4 Bd7 17. c3 f5 18. Ng3 dxc3 19. bxc3 Qg5 20. Qe2 Bc6 21. Rad1 Bg7 22. c4 Bc3 23. Rf1 f4 24. Ne4 Qg7 25. g3 Bd4 26. Bc2 Rad8 27. Qf3 e5 28. Qg4 Qxg4 29. Nf6+ Kg7 30. Nxg4 Bf3 31. h3 Bxd1 32. Rxd1 h5 33. Nh2 fxg3 34. Nf3 Bxf2+ 35. Kg2 Rxd1 36. Bxd1 e4 37. Nh4 Kf6 38. Bxh5 Rh8 0-1